| 000 | 00979cam a22002655a 4500 | ||
|---|---|---|---|
| 001 | ssj0000416609 | ||
| 003 | OSt | ||
| 005 | 20160523141924.0 | ||
| 008 | 091027s2010 enka frb 001 0 eng d | ||
| 020 | _a9780815520450 (hbk.) | ||
| 040 |
_aCaPaEBR _cCaPaEBR _dWaSeSS _dEG-ScBUE _beng |
||
| 082 | 0 | 4 |
_222 _a621.30289 _bALO |
| 100 | 1 |
_aAlonzo, Robert J. _940071 |
|
| 245 | 1 | 0 |
_aElectrical codes, standards, recommended practices and regulations : _ban examination of relevant safety considerations / _cRobert J. Alonzo. |
| 250 | _a1st ed. | ||
| 260 |
_aOxford ; _aBurlington : _bWilliam Andrew / Elsevier, _c2010. |
||
| 300 |
_axiii, 496 p. : _bill. ; _c25 cm. |
||
| 500 | _aIndex : p. 493-496. | ||
| 504 | _aIncludes bibliographical references. | ||
| 650 | 0 |
_aElectrical engineering _xSafety measures. _2BUEsh |
|
| 650 | 0 |
_aElectrical engineering _xSafety regulations. _2BUEsh |
|
| 650 | 0 |
_aElectrical engineering _xStandards. _2BUEsh |
|
| 653 |
_bENGELC _cMay2016 |
||
| 942 | _2ddc | ||
| 999 |
_c21800 _d21772 |
||